00411nam a2200145Ia 4500003000500000008004100005020001600046040001900062082000700081100002300088245004200111260009200153300000800245546001200253STCL181203s9999 xx 000 0 und d a81875900608 aSTCLbENcSTCL 222 aNamboodiri, E.V.N. 2aA Brief History of Malayalam Language bInternational Centre for Kerala Studies, University of KeralaaThiruvananthapuramc2004 a202 aEnglish